Влияние скорости ввода энергии на формирование неразъёмного соединения одноимённых деталей из стали 12Х 18Н 1 ОТ и циркониевого сплава Э110; Современные техника и технологии; Т. 1

Bibliografiske detaljer
Parent link:Современные техника и технологии: X Юбилейная международная научно-практическая конференция студентов, аспирантов и молодых ученых, посвященная 400-летию г. Томска, Томск, 29 марта - 2 апреля 2004 г./ Томский политехнический университет.— , 2004
Т. 1.— 2004.— С. 208-210
Hovedforfatter: Гнюсов С. Ф. Сергей Фёдорович
Andre forfattere: Киселев А. С. Алексей Сергеевич, Слободян М. С. Михаил Степанович
Sprog:russisk
Udgivet: 2004
Fag:
Format: MixedMaterials Book Chapter
KOHA link:https://koha.lib.tpu.ru/cgi-bin/koha/opac-detail.pl?biblionumber=183242

MARC

LEADER 00000naa2a2200000 4500
001 183242
005 20251205111420.0
035 |a (RuTPU)RU\TPU\book\198625 
090 |a 183242 
100 |a 20100706d2004 k y0rusy50 ca 
101 0 |a rus 
102 |a RU 
200 1 |a Влияние скорости ввода энергии на формирование неразъёмного соединения одноимённых деталей из стали 12Х 18Н 1 ОТ и циркониевого сплава Э110  |f С. Ф. Гнюсов, А. С. Киселёв, М. С. Слободян 
320 |a Библиогр.: 5 назв. 
461 1 |0 (RuTPU)RU\TPU\book\66154  |t Современные техника и технологии  |o X Юбилейная международная научно-практическая конференция студентов, аспирантов и молодых ученых, посвященная 400-летию г. Томска, Томск, 29 марта - 2 апреля 2004 г.  |o труды  |f Томский политехнический университет  |d 2004 
463 0 |0 (RuTPU)RU\TPU\book\65882  |t Т. 1  |v С. 208-210  |d 2004 
610 1 |a детали 
610 1 |a неразъёмные соединения 
610 1 |a энергия 
610 1 |a сталь 
610 1 |a циркониевые сплавы 
610 1 |a сварка 
610 1 |a диаграммы 
610 1 |a труды учёных ТПУ 
700 1 |a Гнюсов  |b С. Ф.  |c специалист в области машиностроения  |c профессор Томского политехнического университета, доктор технических наук  |f 1960-  |g Сергей Фёдорович  |3 (RuTPU)RU\TPU\pers\26508 
701 1 |a Киселев  |b А. С.  |c специалист в области сварочного производства  |c заведующий кафедрой Томского политехнического университета, кандидат технических наук  |f 1955-  |g Алексей Сергеевич  |3 (RuTPU)RU\TPU\pers\26509  |9 12211 
701 1 |a Слободян  |b М. С.  |c российский ученый, специалист в области технологий сварочного производства  |c инженер Томского политехнического университета  |f 1978-  |g Михаил Степанович  |3 (RuTPU)RU\TPU\pers\25828 
801 1 |a RU  |b 63413507  |c 20100706 
801 2 |a RU  |b 63413507  |c 20170621  |g RCR 
942 |c BK